Zabytki Europy - Statystyki

Ogólne statystyki
  • Ten quiz został rozwiązany 228 razy
  • Średni wynik to 12 z 14
Statystyki odpowiedzi
Obrazkowy Odpowiedź % Poprawnych
Niemcy
97%
Francja
95%
Grecja
94%
Polska
93%
Rosja
93%
Hiszpania
92%
Wielka Brytania
91%
Włochy
91%
Portugalia
84%
Chorwacja
78%
Norwegia
78%
Węgry
75%
Holandia
74%
Dania
65%
Nie znaleziono quizów pasujących do podanych kryteriów
Rozkład punktacji
Procent ludzi z każdym wynikiem
Percentyl według liczby udzielonych odpowiedzi
Twoja historia wyników
Nie rozwiązałeś tego quizu